Danh nhân sư phạm Việt Nam

Công đức, sự nghiệp, đóng góp của một số nhà giáo tiêu biểu từ xưa đến nay: Chu Văn An, Nguyễn bỉnh Khiêm, Lương Văn Can, Dương Quản Hàn, Cao Xuân Huy, Đông Hồ, Lê Văn Thiêm...

Tallennettuna:
Bibliografiset tiedot
Päätekijä: Lê Minh Quốc
Aineistotyyppi: Kirja
Kieli:Vietnamese
Julkaistu: Tp. Hồ Chí Minh Trẻ 1999
Aiheet:
Tagit: Lisää tagi
Ei tageja, Lisää ensimmäinen tagi!
Thư viện lưu trữ: Mạng thư viện Đại học Đà Nẵng
LEADER 01233nam a2200325 4500
001 000015267
003 11643
005 20120524080550.0
008 120524s1999 viesd
020 |c 9600đ 
041 0 |a vie 
082 |a 370.92  |b LÊ-Q 
100 0 |a Lê Minh Quốc 
245 0 |a Danh nhân sư phạm Việt Nam  |c Lê Minh Quốc 
260 |a Tp. Hồ Chí Minh  |b Trẻ  |c 1999 
300 |a 134tr.  |b ảnh  |c 19 cm 
520 |a Công đức, sự nghiệp, đóng góp của một số nhà giáo tiêu biểu từ xưa đến nay: Chu Văn An, Nguyễn bỉnh Khiêm, Lương Văn Can, Dương Quản Hàn, Cao Xuân Huy, Đông Hồ, Lê Văn Thiêm... 
653 |a giáo dục Việt Nam 
653 |a danh nhân sư phạm 
653 |a nhà giáo 
OWN |a LSP 
AVA |a UDN50  |b LSP  |d 370.92 LÊ-Q  |e available  |t Error 5001 Not defined in file expand_doc_bib_avail.  |f 1  |g 0  |h N  |i 0  |k 1 
999 |a From the UDN01 
AVA |a UDN50  |b LSP  |d 370.92 LÊ-Q  |e available  |t Error 5001 Not defined in file expand_doc_bib_avail.  |f 1  |g 0  |h N  |i 0  |k 1 
TYP |a Monograph 
TYP |a Printed language 
980 |a Mạng thư viện Đại học Đà Nẵng